BUBT Library Online Catalog

Delimitation of Maritime Boundaries (Record no. 3653)

000 -LEADER
fixed length control field 00571nam a2200205Ia 4500
003 - CONTROL NUMBER IDENTIFIER
control field BUBTL
008 - FIXED-LENGTH DATA ELEMENTS--GENERAL INFORMATION
fixed length control field 151213s9999 xx 000 0 und d
082 ## - DEWEY DECIMAL CLASSIFICATION NUMBER
Classification number 343.096/R1474d
100 ## - MAIN ENTRY--PERSONAL NAME
Personal name Rahman, M. Habibur
9 (RLIN) 3937
245 ## - TITLE STATEMENT
Title Delimitation of Maritime Boundaries
Statement of responsibility, etc. M. Habibur Rahman
250 ## - EDITION STATEMENT
Edition statement 1st
260 ## - PUBLICATION, DISTRIBUTION, ETC. (IMPRINT)
Place of publication, distribution, etc. Rajshahi
Name of publisher, distributor, etc. Rajshahi University
Date of publication, distribution, etc. c1991
300 ## - PHYSICAL DESCRIPTION
Extent [xvi] ,310p . :
Other physical details 22 cm.
650 ## - SUBJECT ADDED ENTRY--TOPICAL TERM
Topical term or geographic name as entry element Law
9 (RLIN) 3938
650 ## - SUBJECT ADDED ENTRY--TOPICAL TERM
Topical term or geographic name as entry element Law
9 (RLIN) 3938
700 ## - ADDED ENTRY--PERSONAL NAME
Personal name M. Habibur Rahman
9 (RLIN) 3939
856 ## - ELECTRONIC LOCATION AND ACCESS
Password 0
Logon 0
Link text Download
942 ## - ADDED ENTRY ELEMENTS (KOHA)
Source of classification or shelving scheme
Koha item type Books
Holdings
Withdrawn status Lost status Source of classification or shelving scheme Damaged status Not for loan Collection code Permanent location Current location Shelving location Date acquired Inventory number Total Checkouts Full call number Barcode Date last seen Copy number Price effective from Koha item type
        Not For Loan Non-fiction Bangladesh University of Business and Technology Library Bangladesh University of Business and Technology Library Law Stacks 02/22/2021 6595   343.096/R1474d BUBTL-20036595 02/22/2021 C-1 02/22/2021 Books
          Non-fiction Bangladesh University of Business and Technology Library Bangladesh University of Business and Technology Library Law Stacks 02/22/2021 6596   343.096/R1474d BUBTL-20036596 02/22/2021 C-2 02/22/2021 Books
          Non-fiction Bangladesh University of Business and Technology Library Bangladesh University of Business and Technology Library Law Stacks 02/22/2021 6597   343.096/R1474d BUBTL-20036597 02/22/2021 C-3 02/22/2021 Books
        Not For Loan Non-fiction Bangladesh University of Business and Technology Library Bangladesh University of Business and Technology Library Law Stacks 02/22/2021 6599   343.096/R1474d BUBTL-20036599 02/22/2021 C-4 02/22/2021 Books

More Information About Library

Library Hours

  • Open: 9.00 am. to 9.00 pm.
  • Only Sunday: 9.00 am. to 6.00 pm.
  • Closed: Holiday

Contact to the University

Bangladesh University of Business and Technology Library

  • Mirpurl-2, 1216.
  • Phone:
  • Fax:
  • E-Mail: admin.library@bubt.edu.bd

Contact to the Library

Contact Person:

Md. Abdul Hakim Shah
Joint Librarian
PABX No:  113
Cell No: 01816332931
E-mail: official: admin.library@bubt.edu.bd
Personal: hakim.shah@bubt.edu.bd


BUBT Library

Copyright © 2021